<?xml version="1.0" encoding="UTF-8"?>
<record
    xmlns:xsi="http://www.w3.org/2001/XMLSchema-instance"
    xsi:schemaLocation="http://www.loc.gov/MARC21/slim http://www.loc.gov/standards/marcxml/schema/MARC21slim.xsd"
    xmlns="http://www.loc.gov/MARC21/slim">

  <leader>01081nam a2200289 a 4500</leader>
  <controlfield tag="001">BRCA_8085</controlfield>
  <controlfield tag="005">20190320210126.0</controlfield>
  <controlfield tag="008">040414s1950----sp-a###f##---#001-0#spa-#</controlfield>
  <datafield tag="041" ind1=" " ind2=" ">
    <subfield code="a">spa</subfield>
  </datafield>
  <datafield tag="044" ind1=" " ind2=" ">
    <subfield code="a">sp</subfield>
  </datafield>
  <datafield tag="050" ind1=" " ind2="4">
    <subfield code="a">NK4123</subfield>
    <subfield code="b">.A77</subfield>
    <subfield code="c">1950</subfield>
  </datafield>
  <datafield tag="100" ind1="1" ind2=" ">
    <subfield code="a">Spencer Cook, Walter William</subfield>
    <subfield code="9">20101</subfield>
  </datafield>
  <datafield tag="245" ind1="1" ind2="0">
    <subfield code="a">Ars Hispaniae</subfield>
    <subfield code="b">historia universal del arte hisp&#xE1;nico</subfield>
    <subfield code="c">Pinturas e imaginer&#xED;as rom&#xE1;nicas por Walter William Spencer Cook y Jos&#xE9; Gudiol Ricart.</subfield>
  </datafield>
  <datafield tag="260" ind1=" " ind2=" ">
    <subfield code="a">Madrid</subfield>
    <subfield code="b">Plus Ultra</subfield>
    <subfield code="c">1950</subfield>
  </datafield>
  <datafield tag="300" ind1=" " ind2=" ">
    <subfield code="a">404 p.</subfield>
    <subfield code="b">il. (algunas a color), 444 l&#xE1;minas</subfield>
    <subfield code="c">29 cm.</subfield>
  </datafield>
  <datafield tag="500" ind1=" " ind2=" ">
    <subfield code="a">Y117</subfield>
  </datafield>
  <datafield tag="500" ind1=" " ind2=" ">
    <subfield code="a">Ver tambi&#xE9;n AA67, T64 e Y118</subfield>
  </datafield>
  <datafield tag="504" ind1=" " ind2=" ">
    <subfield code="a">Bibliograf&#xED;a p.391-394</subfield>
  </datafield>
  <datafield tag="505" ind1="0" ind2=" ">
    <subfield code="a">Contenido: V.6. Pintura mural. Pintura sobre tabla. Imaginer&#xED;a.</subfield>
  </datafield>
  <datafield tag="650" ind1="1" ind2="4">
    <subfield code="a">Arte rom&#xE1;nico</subfield>
    <subfield code="z">Espa&#xF1;a</subfield>
    <subfield code="9">20102</subfield>
  </datafield>
  <datafield tag="650" ind1="1" ind2="4">
    <subfield code="a">pintura mural</subfield>
    <subfield code="v">Historia</subfield>
    <subfield code="z">Espa&#xF1;a</subfield>
    <subfield code="9">20103</subfield>
  </datafield>
  <datafield tag="650" ind1="1" ind2="4">
    <subfield code="a">Pintura sobre madera</subfield>
    <subfield code="v">Composiciones art&#xED;sticas</subfield>
    <subfield code="z">Espa&#xF1;a</subfield>
    <subfield code="9">20104</subfield>
  </datafield>
  <datafield tag="650" ind1="1" ind2="4">
    <subfield code="a">Imaginer&#xED;a</subfield>
    <subfield code="v">Artes pl&#xE1;sticas</subfield>
    <subfield code="z">Espa&#xF1;a</subfield>
    <subfield code="9">20105</subfield>
  </datafield>
  <datafield tag="700" ind1="1" ind2=" ">
    <subfield code="a">Gudiol Ricart, Jos&#xE9;</subfield>
    <subfield code="e">coaut.</subfield>
    <subfield code="9">20106</subfield>
  </datafield>
  <datafield tag="902" ind1=" " ind2=" ">
    <subfield code="a">GFM</subfield>
  </datafield>
  <datafield tag="942" ind1=" " ind2=" ">
    <subfield code="2">lcc</subfield>
    <subfield code="c">B</subfield>
  </datafield>
  <datafield tag="999" ind1=" " ind2=" ">
    <subfield code="c">7753</subfield>
    <subfield code="d">7753</subfield>
  </datafield>
  <datafield tag="952" ind1=" " ind2=" ">
    <subfield code="0">0</subfield>
    <subfield code="1">0</subfield>
    <subfield code="4">0</subfield>
    <subfield code="7">0</subfield>
    <subfield code="a">BRCA</subfield>
    <subfield code="b">BRCA</subfield>
    <subfield code="d">2014-04-04</subfield>
    <subfield code="i">Y117</subfield>
    <subfield code="l">0</subfield>
    <subfield code="o">NK4123 .A77 1950 (Y117)</subfield>
    <subfield code="p">8709</subfield>
    <subfield code="r">2019-03-22 00:00:00</subfield>
    <subfield code="w">2019-03-22</subfield>
    <subfield code="y">B</subfield>
  </datafield>
</record>
